Les 10 villes de Suisse les plus peuplées commençant par J - Statistiques

Statistiques générales
  • Ce quiz a été pris 2 fois
  • Le résultat moyen est 3 sur 10
Statistiques - réponses
# Ville Population % Correct
7 Jouxtens-Mézery 1.493
100%
9 Jenaz 1.145
50%
10 Jenins 948
50%
6 Jorat-Menthue 1.556
50%
3 Jorat-Mézières 3.177
50%
1 Jegenstorf 5.852
0%
4 Jonen 2.351
0%
5 Jongny 1.915
0%
2 Jonschwil 4.023
0%
8 Jussy 1.173
0%
Aucun quiz correspondant
Distribution des résultats
% des personnes avec chaque résultat
Percentile par nombre de réponses
Votre historique - résultats
Vous n’avez pas pris ce quiz